000
00277nam a2200121Ia 4500
008
190216s9999||||xx |||||||||||||| ||und||
100
_a
Kris A Jamsa
245
0
_a
Programming In C
260
_b
Galgotia Publication Pvt Ltf
300
_a
270
650
_a
Computer
942
_c
BK
999
_c
8404
_d
8404